000
00328nam a2200133Ia 4500
008
220204s9999 xx 000 0 und d
082
_a
621.38
_b
RAM
100
_a
Ramabhadran, S
245
0
_a
Electronics: Principles and techniques
250
_a
2
260
_a
New Delhi
_b
S Chand
_c
1976
650
_a
Electronics
942
_c
BK
999
_c
24722
_d
24722